[Event "Montevideo Andrea Memorial 3rd"]
[Site "Montevideo"]
[Date "2018.05.17"]
[Round "4"]
[White "Moreno, Jose Enrique"]
[Black "Ramirez, Ricardo"]
[Result "1-0"]
[WhiteElo "1587"]
[BlackElo "1703"]
[PlyCount "49"]
[EventDate "2018.05.08"]
[EventType "swiss"]
[EventRounds "6"]
[EventCountry "URU"]
[SourceTitle "CBM 184 Extra"]
[Source "ChessBase"]
[SourceDate "2018.06.28"]
[SourceVersion "1"]
[SourceVersionDate "2018.06.28"]
[SourceQuality "1"]

1. e4 e5 2. Nf3 Nc6 3. Bc4 Nf6 4. Nc3 Bc5 5. d3 0-0 6. Bg5 Bb4 7. Qd2 d6 8. a3 Bxc3 9. Qxc3 h6 10. Bh4 g5 11. Bg3 Nh5 12. Qd2 Kh7 13. h3 Nf4 14. Bxf4 gxf4 15. d4 f5 16. Bd5 Qf6 17. 0-0-0 Ne7 18. dxe5 dxe5 19. Qb4 c6 20. Bb3 a5 21. Qc5 Ng6 22. Rd6 Qg7 23. h4 fxe4 24. Ng5+ Kh8 25. Rxg6 1-0

[Event "Montevideo Noches de Misterio op"]
[Site "Montevideo"]
[Date "2018.04.18"]
[Round "1"]
[White "Avedisian, Alexander"]
[Black "Moreno, Jose Enrique"]
[Result "1-0"]
[WhiteElo "1936"]
[BlackElo "1587"]
[PlyCount "39"]
[EventDate "2018.04.18"]
[EventType "swiss"]
[EventRounds "6"]
[EventCountry "URU"]
[SourceTitle "CBM 184 Extra"]
[Source "ChessBase"]
[SourceDate "2018.06.28"]
[SourceVersion "1"]
[SourceVersionDate "2018.06.28"]
[SourceQuality "1"]

1. g3 Nf6 2. Bg2 e6 3. Nf3 d5 4. 0-0 Bd6 5. d3 Bd7 6. Nbd2 Nc6 7. e4 Ne5 8. Nxe5 Bxe5 9. Nf3 Ng4 10. Bh3 dxe4 11. dxe4 Bb5 12. Bxg4 Bxf1 13. Qxf1 Bd6 14. Bg5 f6 15. e5 fxg5 16. exd6 Qxd6 17. Bxe6 h6 18. Rd1 Qc5 19. Qd3 Kf8 20. Qg6 1-0

[Event "Montevideo La Proa op 1st"]
[Site "Montevideo"]
[Date "2017.10.18"]
[Round "4"]
[White "Pereira, Gerardo"]
[Black "Moreno, Jose Enrique"]
[Result "0-1"]
[WhiteElo "1416"]
[BlackElo "1604"]
[PlyCount "72"]
[EventDate "2017.09.27"]
[EventType "swiss"]
[EventRounds "5"]
[EventCountry "URU"]
[SourceTitle "EXT 2019"]
[Source "ChessBase"]
[SourceDate "2018.10.10"]
[SourceVersion "1"]
[SourceVersionDate "2018.10.10"]
[SourceQuality "1"]

1. e4 c5 2. Nf3 Nc6 3. Bb5 a6 4. Bxc6 dxc6 5. d3 Nf6 6. Be3 b6 7. c4 Bg4 8. h3 Bh5 9. Nbd2 e6 10. a4 Qxd3 11. Ra3 Qd7 12. g4 Bg6 13. Ne5 Qc7 14. Nxg6 hxg6 15. Rd3 Be7 16. Qf3 Rd8 17. Rxd8+ Bxd8 18. e5 Nd7 19. Qe4 Be7 20. Nf3 b5 21. Bg5 Bxg5 22. Nxg5 Qxe5 23. Qxe5 Nxe5 24. b3 bxa4 25. bxa4 Nxc4 26. Ne4 0-0 27. 0-0 Rb8 28. Rc1 Rb4 29. Nxc5 a5 30. Ra1 Kf8 31. Nd3 Rb3 32. Nf4 Rf3 33. Ne2 Rxh3 34. Rc1 Ne5 35. Nd4 Ra3 36. Rc5 Rxa4 0-1

[Event "Montevideo La Proa op 1st"]
[Site "Montevideo"]
[Date "2017.09.27"]
[Round "1"]
[White "Muniz, Gonzalo"]
[Black "Moreno, Jose Enrique"]
[Result "1-0"]
[WhiteElo "1957"]
[BlackElo "1604"]
[PlyCount "67"]
[EventDate "2017.09.27"]
[EventType "swiss"]
[EventRounds "5"]
[EventCountry "URU"]
[SourceTitle "EXT 2019"]
[Source "ChessBase"]
[SourceDate "2018.10.10"]
[SourceVersion "1"]
[SourceVersionDate "2018.10.10"]
[SourceQuality "1"]

1. d4 e6 2. Bf4 c5 3. e3 Nc6 4. Nf3 Nf6 5. Nbd2 d5 6. c3 c4 7. Be2 Bd6 8. 0-0 h6 9. Qc2 Ne7 10. Ne5 Bd7 11. Nxf7 Kxf7 12. Bxd6 Rf8 13. Bxe7 Qxe7 14. Nf3 Be8 15. Ne5+ Kg8 16. Rad1 Nd7 17. Ng6 Bxg6 18. Qxg6 Rf5 19. Bg4 Nf8 20. Bxf5 Nxg6 21. Bxg6 Qd6 22. Bc2 Rb8 23. f4 Qd8 24. e4 Qb6 25. b4 a5 26. a3 axb4 27. axb4 Ra8 28. Ra1 Qd8 29. e5 Rb8 30. g3 Qe8 31. f5 b5 32. f6 Rb7 33. Kg2 Qh5 34. f7+ 1-0

[Event "URU-chTB"]
[Site "Uruguay"]
[Date "2017.07.08"]
[Round "3.1"]
[White "Savino, Horacio"]
[Black "Moreno, Jose Enrique"]
[Result "0-1"]
[WhiteElo "1859"]
[BlackElo "1582"]
[PlyCount "94"]
[EventDate "2017.07.07"]
[EventType "team-swiss"]
[EventRounds "5"]
[EventCountry "URU"]
[SourceTitle "EXT 2018"]
[Source "ChessBase"]
[SourceDate "2017.10.13"]
[SourceVersion "1"]
[SourceVersionDate "2017.10.13"]
[SourceQuality "1"]
[WhiteTeam "LP Vladivostok"]
[BlackTeam "LP Zugzwang"]
[WhiteTeamCountry "URU"]
[BlackTeamCountry "URU"]

1. d4 e6 2. Nf3 Nf6 3. c4 c5 4. e3 cxd4 5. exd4 d5 6. Nc3 Nc6 7. Bg5 Be7 8. Rc1 h6 9. Bh4 Qb6 10. Qd2 Qb4 11. Bxf6 Bxf6 12. cxd5 Nxd4 13. Nxd4 Bxd4 14. dxe6 Bxc3 15. exf7+ Kxf7 16. Qxc3 Re8+ 17. Be2 Qxc3+ 18. Rxc3 b6 19. Re3 Be6 20. a3 Bd5 21. Bf3 Bxf3 22. gxf3 Rac8 23. Kd2 Red8+ 24. Rd3 Rxd3+ 25. Kxd3 Rd8+ 26. Ke3 Re8+ 27. Kd2 Rd8+ 28. Kc2 Re8 29. Rd1 Rc8+ 30. Kb3 Rc7 31. Rd4 Ke6 32. Rc4 Rf7 33. Rc3 Kd5 34. Kb4 a6 35. Rd3+ Ke6 36. Kc4 Rf4+ 37. Kc3 Rh4 38. Kd2 Rxh2 39. Ke3 Rh5 40. Kf4 Rg5 41. Re3+ Kd6 42. Re8 a5 43. Rd8+ Kc6 44. Rc8+ Kb5 45. Rc7 Ka4 46. Rc4+ Kb3 47. Rc6 b5 0-1

[Event "Montevideo Senior-ch"]
[Site "Montevideo"]
[Date "2017.06.19"]
[Round "5"]
[White "Souto, Andres"]
[Black "Moreno, Jose Enrique"]
[Result "0-1"]
[WhiteElo "1359"]
[BlackElo "1616"]
[PlyCount "37"]
[EventDate "2017.06.17"]
[EventType "swiss"]
[EventRounds "5"]
[EventCountry "URU"]
[SourceTitle "CBM 179 Extra"]
[Source "ChessBase"]
[SourceDate "2017.08.23"]
[SourceVersion "1"]
[SourceVersionDate "2017.08.23"]
[SourceQuality "1"]

1. e4 d5 2. exd5 Nf6 3. c4 c6 4. Nc3 cxd5 5. d3 e6 6. Bg5 h6 7. Bxf6 Qxf6 8. cxd5 exd5 9. Nxd5 Qd6 10. Qa4+ Bd7 11. Qc4 Nc6 12. g3 Be7 13. Nxe7 Nxe7 14. Bg2 Qe5+ 15. Qe4 Qxb2 16. Rd1 0-0 17. Qxb7 Qc3+ 18. Rd2 Bf5 19. Qxe7 0-1

[Event "Montevideo Senior-ch"]
[Site "Montevideo"]
[Date "2017.06.18"]
[Round "4"]
[White "Moreno, Jose Enrique"]
[Black "Valls, Luis E"]
[Result "1/2-1/2"]
[WhiteElo "1616"]
[BlackElo "1609"]
[PlyCount "93"]
[EventDate "2017.06.17"]
[EventType "swiss"]
[EventRounds "5"]
[EventCountry "URU"]
[SourceTitle "CBM 179 Extra"]
[Source "ChessBase"]
[SourceDate "2017.08.23"]
[SourceVersion "1"]
[SourceVersionDate "2017.08.23"]
[SourceQuality "1"]

1. e4 Nf6 2. e5 Nd5 3. c4 Nb6 4. Nc3 d6 5. exd6 exd6 6. Nf3 Bg4 7. h3 Bh5 8. b3 Be7 9. Bb2 0-0 10. Be2 d5 11. d3 c5 12. 0-0 Nc6 13. Nh2 Bxe2 14. Nxe2 d4 15. a3 Nd7 16. Qd2 b6 17. Rfe1 Re8 18. Ng3 g6 19. Re4 Nf6 20. Re2 Kg7 21. Rae1 Bd6 22. Rxe8 Nxe8 23. Bc1 Qc7 24. Qh6+ Kg8 25. Qh4 Ng7 26. Ng4 Be7 27. Nf6+ Bxf6 28. Qxf6 Re8 29. Re4 Rxe4 30. Nxe4 Nh5 31. Qh4 Qe7 32. Bg5 Qf8 33. g4 Ne5 34. Kg2 f5 35. gxh5 fxe4 36. hxg6 Qf3+ 37. Kh2 Nxg6 38. Qg3 Qxg3+ 39. Kxg3 exd3 40. Kf3 Kf7 41. Ke4 Ke6 42. h4 Nxh4 43. Kxd3 Nf3 44. Bf4 Ne5+ 45. Ke4 Ng4 46. Kf3 Ne5+ 47. Ke4 1/2-1/2

[Event "Montevideo Duchamp Cup 1st"]
[Site "Montevideo"]
[Date "2017.02.15"]
[Round "9"]
[White "Carnebia, Aniel"]
[Black "Moreno, Jose Enrique"]
[Result "0-1"]
[WhiteElo "1495"]
[BlackElo "1622"]
[PlyCount "70"]
[EventDate "2017.02.09"]
[EventType "swiss"]
[EventRounds "9"]
[EventCountry "URU"]
[SourceTitle "CBM 176 Extra"]
[Source "ChessBase"]
[SourceDate "2017.03.02"]
[SourceVersion "1"]
[SourceVersionDate "2017.03.02"]
[SourceQuality "1"]

1. d4 e6 2. Bf4 Nf6 3. e3 c5 4. c3 Nc6 5. dxc5 Bxc5 6. h3 a6 7. Nf3 h6 8. Be2 Qb6 9. Qb3 Qxb3 10. axb3 0-0 11. b4 Ba7 12. Nbd2 b5 13. 0-0 d5 14. Ne5 Nxe5 15. Bxe5 Nd7 16. Bh2 Nb6 17. Bd1 Bb8 18. Bxb8 Rxb8 19. Bb3 f5 20. Nf3 Nd7 21. Nd4 Rb6 22. Rfd1 Nf6 23. Bc2 Ne4 24. Nf3 Rf6 25. Nd2 Nxd2 26. Rxd2 Bb7 27. Rad1 Rd6 28. Bb3 Rg6 29. Kh2 Rf6 30. c4 bxc4 31. Bxc4 Rd8 32. Be2 Rdf8 33. f3 Rb8 34. Ra1 e5 35. Bxa6 Rxa6 0-1

[Event "Montevideo Duchamp Cup 1st"]
[Site "Montevideo"]
[Date "2017.02.14"]
[Round "8"]
[White "Moreno, Jose Enrique"]
[Black "Pereira, Gerardo"]
[Result "1-0"]
[WhiteElo "1622"]
[BlackElo "1400"]
[PlyCount "47"]
[EventDate "2017.02.09"]
[EventType "swiss"]
[EventRounds "9"]
[EventCountry "URU"]
[SourceTitle "CBM 176 Extra"]
[Source "ChessBase"]
[SourceDate "2017.03.02"]
[SourceVersion "1"]
[SourceVersionDate "2017.03.02"]
[SourceQuality "1"]

1. e4 Nc6 2. d4 d5 3. e5 e6 4. Nf3 Be7 5. c4 b6 6. Nc3 Ba6 7. cxd5 Bxf1 8. dxc6 Ba6 9. a3 h6 10. Be3 f6 11. b4 fxe5 12. Nxe5 Bf6 13. Qh5+ Ke7 14. Ng6+ Kd6 15. b5 Qe8 16. Bf4+ e5 17. dxe5+ Kc5 18. Be3+ Kc4 19. Qe2+ Kxc3 20. Rc1+ Kb3 21. Qc4+ Kxa3 22. Rc3+ Kb2 23. Qb3+ Ka1 24. 0-0# 1-0